LIBRARY & INFORMATION CENTRE, KCAET, TAVANUR

ONLINE PUBLIC ACCESS CATALOGUE (OPAC)

Fundamental principles of irrigation and water power / (Record no. 85)

MARC details
000 -LEADER
fixed length control field 00470cam a2200181ua 4500
003 - CONTROL NUMBER IDENTIFIER
control field OSt
008 - FIXED-LENGTH DATA ELEMENTS--GENERAL INFORMATION
fixed length control field 241108b |||||||| |||| 00| 0 eng d
041 ## - LANGUAGE CODE
Language code of text/sound track or separate title eng
082 ## - DEWEY DECIMAL CLASSIFICATION NUMBER
Classification number 631.587
Item number PRI/FU
100 ## - MAIN ENTRY--AUTHOR NAME
Personal name Priyani, V B .
245 ## - TITLE STATEMENT
Title Fundamental principles of irrigation and water power /
250 ## - EDITION STATEMENT
Edition statement 10 /
260 ## - PUBLICATION, DISTRIBUTION, ETC. (IMPRINT)
Place of publication New Delhi :
Name of publisher Charotar book stall ,
Year of publication 1987.
300 ## - PHYSICAL DESCRIPTION
Number of Pages 751 ; .
500 ## - GENERAL NOTE
General note 20545 Reference
700 1# - ADDED ENTRY--PERSONAL NAME
Personal name Rangwala, S.C .
942 ## - ADDED ENTRY ELEMENTS (KOHA)
Koha item type Books
Holdings
Withdrawn status Lost status Damaged status Home library Current library Date acquired Full call number Accession Number Koha item type Collection code Shelving location
      KAUAET KAUAET 07/04/2012 627.5 20545 Reference    
      KAUAET KAUAET 28/09/2022 631.587 PRI/FU 20546 Books General Books Shelf- 13A
free website counter